Construction Specifications Portable Handbook / (Record no. 2920)
[ view plain ]
| 000 -LEADER | |
|---|---|
| fixed length control field | 00831nac a22002051u 4500 |
| 008 - FIXED-LENGTH DATA ELEMENTS--GENERAL INFORMATION | |
| fixed length control field | 101010t xxu||||| |||| 00| 0 eng d |
| 010 ## - LIBRARY OF CONGRESS CONTROL NUMBER | |
| LC control number | 74016350 |
| 020 ## - INTERNATIONAL STANDARD BOOK NUMBER | |
| International Standard Book Number | 007134103X |
| 020 ## - INTERNATIONAL STANDARD BOOK NUMBER | |
| International Standard Book Number | 9780071341035 |
| 082 00 - DEWEY DECIMAL CLASSIFICATION NUMBER | |
| Classification number | 692.3 |
| Item number | STI |
| 100 ## - MAIN ENTRY--PERSONAL NAME | |
| Personal name | Stitt ,Fred A. |
| 9 (RLIN) | 20205 |
| 245 10 - TITLE STATEMENT | |
| Title | Construction Specifications Portable Handbook / |
| Statement of responsibility, etc | Fred A Stitt |
| 260 ## - PUBLICATION, DISTRIBUTION, ETC. (IMPRINT) | |
| Place of publication, distribution, etc | New York: |
| Name of publisher, distributor, etc | McGraw-Hill, |
| Date of publication, distribution, etc | c1999. |
| 300 ## - PHYSICAL DESCRIPTION | |
| Extent | 378 p. : |
| Other physical details | ill. ; |
| Dimensions | 20 cm. |
| 490 ## - Series Statement | |
| -- | 20202 |
| Series statement | McGraw-Hill Portable Architecture |
| 490 ## - Series Statement | |
| -- | 20203 |
| Series statement | Portable Handbook Series |
| 650 #0 - SUBJECT ADDED ENTRY--TOPICAL TERM | |
| Topical term or geographic name as entry element | Buildings |
| General subdivision | Specifications |
| 9 (RLIN) | 20204 |
| Form subdivision | Handbooks, manuals, etc. |
| 942 ## - ADDED ENTRY ELEMENTS (KOHA) | |
| Item type | NB - Book (Non borrowing) |
| Call number prefix | 692.3 STI |
| Source of classification or shelving scheme | Dewey Decimal Classification |
| Withdrawn status | Item status | Source of classification or shelving scheme | Damaged status | Not for loan | Vendor | Home library | Current library | Shelving location | Date acquired | Source of acquisition | Total Checkouts | Full call number | Barcode | Date last seen | Cost, replacement price | Koha item type |
|---|---|---|---|---|---|---|---|---|---|---|---|---|---|---|---|---|
| Dewey Decimal Classification | Central Library | Central Library | First floor | 07/03/2011 | 692.3 STI | 000001388 | 15/07/2025 | 212.50 | Book - Borrowing |